LEADER 03746nam 2200409 450 001 9910424616703321 005 20230328152256.0 035 $a(CKB)4100000011569289 035 $a(NjHacI)994100000011569289 035 $a(EXLCZ)994100000011569289 100 $a20230328d2020 uy 0 101 0 $aeng 135 $aur||||||||||| 181 $ctxt$2rdacontent 182 $cc$2rdamedia 183 $acr$2rdacarrier 200 10$aOntologies for knowledge modeling in construction planning $etheory and application /$fVito Getuli 210 1$aFirenze, Italy :$cFirenze University Press,$d[2020] 210 4$dİ2020 215 $a1 online resource (152 pages) $cillustrations 225 1 $aRicerche. Architettura, pianificazione, paesaggio, design 311 $a88-5518-184-X 320 $aIncludes bibliographical references. 327 $aPreface 9 -- List of Abbreviations 13 -- Glossary 15 -- Part one | Theory 25 -- 1. Ontologies 27 -- 1.1 Basic Concepts 27 -- 1.2 Ontology representation languages 32 -- 1.3 Ontology development environments 34 -- 1.4 Ontology visualization 38 -- 2 Knowledge Management in construction 41 -- 2.1 Expert System methodologies 41 -- 2.2 Expert Systems for construction planning 45 -- 2.3 Ontology-based modelling in AEC Industry 53 -- 2.4 Construction workspaces management in AEC Industry 56 -- Part two| Application 63 -- 3. A Knowledge Base to support Construction Planning 65 -- 3.1 Ontological structure of the Knowledge Base 67 -- 3.2 Modelling domains 70 -- 4. Construction Scheduling Ontology 75 -- 4.1 Specification of modelling objectives 75 -- 4.2 Overall framework of the Scheduling Ontology 75 -- 4.3 Topological structure 78 -- 4.4 Specification of the entities 81 -- 5. Construction Space Ontology 93 -- 5.1 Specification of modelling objectives 93 -- 5.2 Overall framework of the Space Ontology 95 -- 5.3 Topological structure 97 -- 5.4 Specification of the entities 101 -- 6. Construction Product Ontology 107 -- 6.1 IFC-based Building Model exploration 107 -- 6.2 Topological structure 109 -- 6.3 Introduction of BIM data in the KB 112 -- 7. Construction Time Ontology 115 -- 7.1 Topological temporal entities 115 -- 7.2 Specification of entities in the Time Ontology 117 -- 8. Make use of ontologies 121 -- 8.1 OnSITEsimu Expert System 121 -- 8.2 Operational framework and model computerization 125 -- References 139. 330 $aNowadays, there is an increasing recognition of the value of knowledge management in the construction projects and ontology-based semantic modelling is seen as an important means of addressing this problem, even if a knowledge-base which maps the construction planning and scheduling domains, in a formal and machine-readable way, is still missing. Addressing this issue, the book is divided in two parts. Part I, theory, is a theoretical introduction of on ontologies concepts and expert systems. Part II, application, presents a research of ontologies development for semantic modelling of construction scheduling, workspace, product and time domains. The last chapter presents the architecture of an ontology-based expert system, to show how ontologies can support automated planning mechanisms.$c[Publisher's text]. 410 0$aRicerche.$pArchitettura, pianificazione, paesaggio, design. 517 $aOntologies for Knowledge modeling in construction planning 606 $aConstruction industry$xData processing 615 0$aConstruction industry$xData processing. 676 $a690.028563 700 $aGetuli$b Vito$01347826 801 0$bNjHacI 801 1$bNjHacl 906 $aBOOK 912 $a9910424616703321 996 $aOntologies for knowledge modeling in construction planning$93084616 997 $aUNINA LEADER 01375nas 2200433 a 450 001 996209482703316 005 20231101152320.0 011 $a1878-4224 035 $a(CKB)954925476472 035 $a(CONSER) 80649668 035 $a(DE-599)ZDB2001442-9 035 $a(EXLCZ)99954925476472 100 $a19801030a19779999 uy a 101 0 $aeng 200 00$aProgress in nuclear energy$b[e-journal] 210 $aOxford ;$aElmsford, NY $cPergamon 215 $a1 online resource 300 $a"The international review journal covering all aspects of nuclear energy." 300 $aRefereed/Peer-reviewed 311 $aPrint version: Progress in nuclear energy (DLC)###80649668# (OCoLC)6883174 0149-1970 517 $aProgress in nuclear energy 531 $aPROG NUCL ENERGY 531 $aPROG NUCL ENERG 531 $aPROG NUCL E 531 $aPROG NUCLEAR ENERGY 531 $aPROGRESS IN NUCLEAR ENERGY NEW SERIES 531 0 $aProg. nucl. energy 531 $aPROG. NUCL. ENERGY 606 $aNuclear energy$vPeriodicals 606 $aNuclear engineering$vPeriodicals 608 $aPeriodicals. 615 0$aNuclear energy 615 0$aNuclear engineering 676 $a621.48/05 906 $aJOURNAL 912 $a996209482703316 920 $aexl_impl conversion 996 $aProgress in nuclear energy$91121181 997 $aUNISA